|
|
|
|
| LEADER |
00000nas a2200000 4500 |
| 001 |
ssj0008640 |
| 003 |
WaSeSS |
| 005 |
20200512172242.0 |
| 006 |
m d |
| 007 |
cr n |
| 008 |
760620d19712000nyumr p s 0 a0eng |
| 010 |
|
|
|a 75025971
|
| 016 |
7 |
|
|a 9891756
|2 DNLM
|
| 016 |
7 |
|
|a SR0091813
|2 DNLM
|
| 022 |
|
|
|l 0028-6974
|y 0028-6974
|
| 032 |
|
|
|a 911780
|b USPS
|
| 035 |
|
|
|a (WaSeSS)ssj0008640
|
| 037 |
|
|
|b New Woman, Box 56229, Boulder, CO. 80322-6229
|
| 040 |
|
|
|a DLC
|b eng
|c MUL
|d YUS
|d DLC
|d NSD
|d AIP
|d NSD
|d NST
|d HUL
|d OCL
|d NST
|d IUL
|d EYM
|d NSD
|d EBZ
|d IUL
|d OCLCQ
|d NLM
|d OCLCQ
|d OCLCF
|d OCLCO
|d OCLCQ
|d WaSeSS
|
| 042 |
|
|
|a pcc
|a nsdp
|
| 050 |
0 |
0 |
|a HQ1101
|b .N48
|
| 082 |
0 |
4 |
|a 301.41/2/05
|
| 210 |
0 |
|
|a New woman
|
| 222 |
|
0 |
|a New woman
|
| 245 |
0 |
0 |
|a New woman
|h [electronic resource].
|
| 260 |
|
|
|a New York
|b K-III Magazine Corp.
|
| 310 |
|
|
|a Monthly,
|b <Mar. 1982->
|
| 321 |
|
|
|a Bimonthly,
|b <Apr./May 1972, Sept./Oct. 1976->
|
| 321 |
|
|
|a Monthly,
|b June 1971-
|
| 362 |
0 |
|
|a V. 1- June 1971-
|
| 362 |
1 |
|
|a Ceased with v. 30, no. 1 published Jan. 2000.
|
| 500 |
|
|
|a Earlier vols. published in Palm Beach, Fla. by New Woman, Inc.
|
| 506 |
|
|
|a License restrictions may limit access.
|
| 515 |
|
|
|a Suspended Aug. 1972-Aug. 1973.
|
| 650 |
|
0 |
|a Women
|v Periodicals.
|
| 650 |
|
7 |
|a Women.
|2 fast
|0 (OCoLC)fst01176568
|
| 655 |
|
0 |
|a Electronic journals.
|
| 850 |
|
|
|a DLC
|a InU
|a MCR-S
|a MiEM
|a MiU
|a MoU
|a NN
|a ViBlbV
|
| 856 |
4 |
0 |
|z Full text available from Research Library: 06/01/1996 to 01/31/2000
|u https://search.proquest.com/publication/34992
|